Acerca de la globalización en la agricultura (Registro nro. 2041)

Detalles MARC
000 -LEADER
fixed length control field 02476 a2200241 4500
001 - CONTROL NUMBER
control field 30173
005 - DATE AND TIME OF LATEST TRANSACTION
control field 20260407155613.0
008 - FIXED-LENGTH DATA ELEMENTS--GENERAL INFORMATION
fixed length control field 260407a2005 arg spa d
003 - CONTROL NUMBER IDENTIFIER
control field AR-UNSa-BCEJYS
040 ## - CATALOGING SOURCE
Original cataloging agency AR-UNSa-BCEJYS
Language of cataloging spa
Transcribing agency AR-UNSa-BCEJYS
080 ## - UNIVERSAL DECIMAL CLASSIFICATION NUMBER
Universal Decimal Classification number 338.43
Common auxiliary subdivision Agricultura como una rama de la economía. Economía de los productos alimenticios
020 ## - INTERNATIONAL STANDARD BOOK NUMBER
International Standard Book Number 987-9355-21-0
041 ## - LANGUAGE CODE
Language code of text/sound track or separate title spa
100 1# - MAIN ENTRY--PERSONAL NAME
Personal name Cavalcanti, Josefa Salete Barbosa
245 10 - TITLE STATEMENT
Title Acerca de la globalización en la agricultura
Name of part/section of a work territorios, empresas y desarrollo local en América Latina
264 #1 - PRODUCTION, PUBLICATION, DISTRIBUTION, MANUFACTURE, AND COPYRIGHT NOTICE
Place of production, publication, distribution, manufacture Buenos Aires :
Name of producer, publisher, distributor, manufacturer Ediciones CICCUS
Date of production, publication, distribution, manufacture, or copyright notice 2005
300 ## - PHYSICAL DESCRIPTION
Extent 282 p.
Dimensions 22 cm.
505 ## - FORMATTED CONTENTS NOTE
Formatted contents note 1. Homogeneización, conflictos e identidades / Josefa Salete Barboza Cavalcanti y Otros - 2. Algunas reflexiones sobre la economía política agraria de fines del siglo XX / Frederick H. Buttel - 3. La persistencia de la pequeña producción mercantil en un puebo rural de Argentina: factores favorables y factores limitantes / Miguel Murmis y Silvio Feldman - 4. La inserción de las economías rurales en el proceso de globalización.El caso de la provincia de Ñube en Chile / M. Julia Fawaz Yissi y Ana María Silva - 5. Entre las exigencias de los mercados y el control de los trabajadores / Josefa Salete Barbosa Cavalcanti y Otros - 6. Estado, desarrollo y organizaciones locales de productores en México / Humberto González - 7. Cooperativismo, globalizacão e competitividade. Impacto regionais e locais / Maria Luiza Lins e Silva Pires - 8. Fruticultura e emprego: o caso do Platô de Neópolis, Brasil / Dalva María Mota - 9. Integración agroalimentaria. Trayectorias empresariales comparadas en la fruticultura argentina de exportación / Mónica Isabel Bendini y Norma Graciela Steimbreger - 10. Estrategias empresarias y trasnacionalización de la vitivinicultura en la Argentina / Guillermo Neiman y Adriana Ester Bocco - 11. Nuevos actores y dinámicas territoriales en el complejo oleaginoso del sur de la provincia de Buenos Aires / Silvia Gorenstein y Otros - 12. De la producción extensiva a los feeddlots: cambios en la organización productiva y comercial de los sistemas ganaderos en la Argentina / Carlos Iorio y Mirna Moscairo
590 ## - LOCAL NOTE (RLIN)
Local note niveau_biblio:m niveau_hierar:0
700 1# - ADDED ENTRY--PERSONAL NAME
Personal name Neiman, Guillermo
856 41 - ELECTRONIC LOCATION AND ACCESS
Uniform Resource Identifier <a href="https://biblioeco.unsa.edu.ar/pmb/images/libros/Acerca de la Globalizacion en la Agricultura-l116804.jpg">https://biblioeco.unsa.edu.ar/pmb/images/libros/Acerca de la Globalizacion en la Agricultura-l116804.jpg</a>
Link text Imagen de portada
Electronic format type image/jpeg
942 ## - ADDED ENTRY ELEMENTS (KOHA)
Koha item type
Existencias
Withdrawn status Lost status Damaged status Not for loan Home library Current library Shelving location Date acquired Total checkouts Full call number Barcode Date last seen Price effective from Koha item type
        Biblioteca Prof. Eusebio Cleto del Rey Biblioteca Prof. Eusebio Cleto del Rey   07/04/2026   338.43 C376 L116804 07/04/2026 07/04/2026 Libro
        Biblioteca Prof. Eusebio Cleto del Rey Biblioteca Prof. Eusebio Cleto del Rey   07/04/2026   338.43 C376 L116803 07/04/2026 07/04/2026 Libro
        Biblioteca Prof. Eusebio Cleto del Rey Biblioteca Prof. Eusebio Cleto del Rey   07/04/2026   338.43 C376 L116802 07/04/2026 07/04/2026 Libro